[Event "DVM U12 2024"]
[Site "Heidelberg GER"]
[Date "2024.12.27"]
[Round "2"]
[White "Sriram, Aumkar"]
[Black "Vlach, Ludwig"]
[Result "1/2-1/2"]
[Termination "normal"]
[Board "10.1"]
[WhiteElo "1610"]
[BlackElo "1709"]
[WhiteClock "00:27:20"]
[BlackClock "01:11:29"]
[WhiteTeam "SV 1947 Walldorf"]
[BlackTeam "SG Trier 1877"]
[PlyCount "81"]
[WhiteFideId "33460477"]
[BlackFideId "4007344"]
[EventCountry "GER"]
[EventRounds "7"]
[EventType "team-swiss"]
[EventDate "2024.12.26"]

1. e4 {[%clk 01:30:59]} e6 {[%clk 01:30:55]} {[%emt 00:00:06]} 2. d4 {[%clk
01:31:21]} {[%emt 00:00:07]} d5 {[%clk 01:31:18]} {[%emt 00:00:07]} 3. Nc3
{[%clk 01:31:40]} {[%emt 00:00:11]} dxe4 {[%clk 01:31:38]} {[%emt 00:00:10]} 4.
Nxe4 {[%clk 01:31:43]} {[%emt 00:00:26]} Nd7 {[%clk 01:31:57]} {[%emt
00:00:12]} 5. Nf3 {[%clk 01:31:24]} {[%emt 00:00:49]} Ngf6 {[%clk 01:32:22]}
{[%emt 00:00:06]} 6. Bg5 {[%clk 01:29:12]} {[%emt 00:02:41]} Be7 {[%clk
01:32:39]} {[%emt 00:00:13]} 7. Nxf6+ {[%clk 01:22:18]} {[%emt 00:07:24]} Nxf6
{[%clk 01:30:44]} {[%emt 00:02:26]} 8. Bd3 {[%clk 01:21:25]} {[%emt 00:01:23]}
h6 {[%clk 01:30:04]} {[%emt 00:01:10]} 9. Bh4 {[%clk 01:13:55]} {[%emt
00:08:00]} O-O {[%clk 01:30:00]} {[%emt 00:00:34]} 10. Bxf6 {[%clk 01:13:23]}
{[%emt 00:01:02]} Bxf6 {[%clk 01:30:22]} {[%emt 00:00:09]} 11. O-O {[%clk
01:13:35]} {[%emt 00:00:17]} b6 {[%clk 01:29:20]} {[%emt 00:01:32]} 12. Be4
{[%clk 01:13:05]} {[%emt 00:01:00]} Rb8 {[%clk 01:29:15]} {[%emt 00:00:36]} 13.
Ne5 {[%clk 01:09:48]} {[%emt 00:03:46]} Bxe5 {[%clk 01:28:36]} {[%emt
00:01:09]} 14. dxe5 {[%clk 01:10:11]} {[%emt 00:00:08]} Bb7 {[%clk 01:28:37]}
{[%emt 00:00:29]} 15. Qxd8 {[%clk 01:07:34]} {[%emt 00:03:06]} Rfxd8 {[%clk
01:29:00]} {[%emt 00:00:08]} 16. Bxb7 {[%clk 01:07:48]} {[%emt 00:00:16]} Rxb7
{[%clk 01:29:23]} {[%emt 00:00:07]} 17. Rad1 {[%clk 01:08:02]} {[%emt
00:00:15]} Rbb8 {[%clk 01:29:42]} {[%emt 00:00:12]} 18. h3 {[%clk 01:08:00]}
{[%emt 00:00:33]} c5 {[%clk 01:28:53]} {[%emt 00:01:18]} 19. Rfe1 {[%clk
01:04:40]} {[%emt 00:03:49]} b5 {[%clk 01:28:51]} {[%emt 00:00:32]} 20. Kf1
{[%clk 01:03:56]} {[%emt 00:01:13]} a5 {[%clk 01:28:29]} {[%emt 00:00:52]} 21.
a3 {[%clk 01:02:13]} {[%emt 00:02:13]} Kf8 {[%clk 01:28:21]} {[%emt 00:00:39]}
22. Ke2 {[%clk 01:02:26]} {[%emt 00:00:17]} Ke7 {[%clk 01:27:58]} {[%emt
00:00:53]} 23. h4 {[%clk 00:59:10]} {[%emt 00:03:45]} h5 {[%clk 01:27:27]}
{[%emt 00:01:01]} 24. f3 {[%clk 00:58:56]} {[%emt 00:00:44]} Rd5 {[%clk
01:24:40]} {[%emt 00:03:17]} 25. Rxd5 {[%clk 00:57:15]} {[%emt 00:02:10]} exd5
{[%clk 01:24:57]} {[%emt 00:00:14]} 26. Kd3 {[%clk 00:57:34]} {[%emt 00:00:11]}
Ke6 {[%clk 01:25:22]} {[%emt 00:00:05]} 27. c3 {[%clk 00:55:26]} {[%emt
00:02:37]} b4 {[%clk 01:24:57]} {[%emt 00:00:56]} 28. cxb4 {[%clk 00:53:24]}
{[%emt 00:02:32]} axb4 {[%clk 01:25:00]} {[%emt 00:00:27]} 29. a4 {[%clk
00:51:55]} {[%emt 00:01:58]} c4+ {[%clk 01:24:27]} {[%emt 00:01:04]} 30. Kd4
{[%clk 00:52:12]} {[%emt 00:00:13]} Ra8 {[%clk 01:24:30]} {[%emt 00:00:27]} 31.
Ra1 {[%clk 00:49:13]} {[%emt 00:03:28]} Ra5 {[%clk 01:24:14]} {[%emt 00:00:46]}
32. g4 {[%clk 00:47:48]} {[%emt 00:01:55]} g6 {[%clk 01:23:12]} {[%emt
00:01:33]} 33. g5 {[%clk 00:47:47]} {[%emt 00:00:30]} Kf5 {[%clk 01:22:28]}
{[%emt 00:01:14]} 34. Ke3 {[%clk 00:34:26]} {[%emt 00:13:51]} Kxe5 {[%clk
01:21:46]} {[%emt 00:01:12]} 35. Ke2 {[%clk 00:33:15]} {[%emt 00:01:41]} d4
{[%clk 01:19:56]} {[%emt 00:02:20]} 36. Kf2 {[%clk 00:29:52]} {[%emt 00:03:52]}
c3 {[%clk 01:16:56]} {[%emt 00:03:31]} 37. bxc3 {[%clk 00:30:08]} {[%emt
00:00:14]} bxc3 {[%clk 01:16:11]} {[%emt 00:01:16]} 38. Ke2 {[%clk 00:30:21]}
{[%emt 00:00:16]} Kd5 {[%clk 01:16:20]} {[%emt 00:00:22]} 39. Kd3 {[%clk
00:29:11]} {[%emt 00:01:39]} Kc5 {[%clk 01:15:27]} {[%emt 00:01:23]} 40. f4
{[%clk 00:27:08]} {[%emt 00:02:33]} Kd5 {[%clk 01:11:29]} {[%emt 00:04:29]} 41.
Ra2 {[%clk 00:27:20]} {[%emt 00:00:18]} 1/2-1/2

[Event "DVM U12 2024"]
[Site "Heidelberg GER"]
[Date "2024.12.27"]
[Round "2"]
[White "Katzschner, Tim"]
[Black "Gilcher, Tamino"]
[Result "0-1"]
[Termination "normal"]
[Board "10.3"]
[WhiteElo "925"]
[BlackElo "1395"]
[WhiteClock "01:11:49"]
[BlackClock "00:55:49"]
[WhiteTeam "SV 1947 Walldorf"]
[BlackTeam "SG Trier 1877"]
[PlyCount "96"]
[BlackFideId "34681787"]
[EventCountry "GER"]
[EventRounds "7"]
[EventType "team-swiss"]
[EventDate "2024.12.26"]

1. d4 {[%clk 01:30:55]} {[%emt 00:00:03]} d5 {[%clk 01:30:57]} {[%emt
00:00:05]} 2. c4 {[%clk 01:31:03]} {[%emt 00:00:21]} e6 {[%clk 01:31:25]}
{[%emt 00:00:03]} 3. Bf4 {[%clk 01:31:01]} {[%emt 00:00:29]} c6 {[%clk
01:30:34]} {[%emt 00:01:23]} 4. Nf3 {[%clk 01:30:43]} {[%emt 00:00:46]} Nd7
{[%clk 01:29:03]} {[%emt 00:02:03]} 5. Nc3 {[%clk 01:30:35]} {[%emt 00:00:36]}
Bb4 {[%clk 01:28:39]} {[%emt 00:00:57]} 6. a3 {[%clk 01:30:39]} {[%emt
00:00:25]} Bxc3+ {[%clk 01:28:49]} {[%emt 00:00:21]} 7. bxc3 {[%clk 01:30:53]}
{[%emt 00:00:14]} dxc4 {[%clk 01:29:00]} {[%emt 00:00:20]} 8. e4 {[%clk
01:31:09]} {[%emt 00:00:13]} Nb6 {[%clk 01:28:44]} {[%emt 00:00:48]} 9. Nd2
{[%clk 01:30:53]} {[%emt 00:00:43]} Nf6 {[%clk 01:28:24]} {[%emt 00:00:54]} 10.
Bxc4 {[%clk 01:30:32]} {[%emt 00:00:49]} Nxc4 {[%clk 01:28:40]} {[%emt
00:00:16]} 11. Nxc4 {[%clk 01:30:29]} {[%emt 00:00:32]} Nxe4 {[%clk 01:28:48]}
{[%emt 00:00:23]} 12. Qf3 {[%clk 01:29:37]} {[%emt 00:01:17]} Nf6 {[%emt
00:06:24]} 13. O-O {[%clk 01:29:48]} {[%emt 00:00:16]} O-O {[%clk 01:23:06]}
{[%emt 00:00:26]} 14. Rab1 {[%clk 01:28:59]} {[%emt 00:01:19]} b5 {[%clk
01:22:51]} {[%emt 00:00:46]} 15. Ne3 {[%clk 01:28:38]} {[%emt 00:00:47]} Ba6
{[%clk 01:23:09]} {[%emt 00:00:15]} 16. Rfe1 {[%clk 01:27:58]} {[%emt
00:01:08]} Rc8 {[%clk 01:22:16]} {[%emt 00:01:26]} 17. Be5 {[%clk 01:26:32]}
{[%emt 00:01:53]} Nd5 {[%clk 01:21:52]} {[%emt 00:00:55]} 18. Nxd5 {[%clk
01:26:01]} {[%emt 00:01:00]} cxd5 {[%clk 01:22:12]} {[%emt 00:00:12]} 19. Rec1
{[%clk 01:26:05]} {[%emt 00:00:24]} Qe7 {[%clk 01:21:08]} {[%emt 00:01:36]} 20.
Qg4 {[%clk 01:25:17]} {[%emt 00:01:17]} f6 {[%clk 01:21:24]} {[%emt 00:00:15]}
21. Bf4 {[%clk 01:25:18]} {[%emt 00:00:25]} Rc6 {[%clk 01:19:02]} {[%emt
00:02:56]} 22. Qg3 {[%clk 01:24:39]} {[%emt 00:01:08]} Qxa3 {[%clk 01:14:55]}
{[%emt 00:04:38]} 23. Bh6 {[%clk 01:24:20]} {[%emt 00:00:46]} Rf7 {[%clk
01:14:59]} {[%emt 00:00:28]} 24. Bf4 {[%clk 01:19:04]} {[%emt 00:05:42]} Qa5
{[%clk 01:10:44]} {[%emt 00:04:50]} 25. h3 {[%clk 01:18:51]} {[%emt 00:00:41]}
Bc8 {[%clk 01:10:34]} {[%emt 00:00:42]} 26. Qd3 {[%clk 01:17:46]} {[%emt
00:01:31]} a6 {[%clk 01:09:31]} {[%emt 00:01:37]} 27. Ra1 {[%clk 01:17:42]}
{[%emt 00:00:33]} Qb6 {[%clk 01:09:35]} {[%emt 00:00:28]} 28. Qg3 {[%clk
01:16:49]} {[%emt 00:01:20]} a5 {[%clk 01:09:19]} {[%emt 00:00:48]} 29. Ra2
{[%clk 01:16:22]} {[%emt 00:00:51]} Rc4 {[%clk 01:04:50]} {[%emt 00:05:04]} 30.
Rcc2 {[%clk 01:15:55]} {[%emt 00:00:53]} b4 {[%clk 01:04:09]} {[%emt 00:01:15]}
31. cxb4 {[%clk 01:15:37]} {[%emt 00:00:46]} axb4 {[%clk 01:04:24]} {[%emt
00:00:17]} 32. Rxc4 {[%clk 01:15:38]} {[%emt 00:00:28]} dxc4 {[%clk 01:04:47]}
{[%emt 00:00:08]} 33. Ra8 {[%clk 01:15:43]} {[%emt 00:00:24]} Rf8 {[%clk
01:02:11]} {[%emt 00:03:07]} 34. Bh6 {[%clk 01:15:44]} {[%emt 00:00:28]} Qb7
{[%clk 01:02:22]} {[%emt 00:00:20]} 35. Rb8 {[%clk 01:14:54]} {[%emt 00:01:16]}
Qa7 {[%clk 01:02:15]} {[%emt 00:00:40]} 36. Rxb4 {[%clk 01:14:25]} {[%emt
00:00:58]} c3 {[%clk 00:58:32]} {[%emt 00:04:15]} 37. Ra4 {[%clk 01:14:41]}
{[%emt 00:00:12]} Qd7 {[%clk 00:55:45]} {[%emt 00:03:18]} 38. Rc4 {[%clk
01:14:44]} {[%emt 00:00:23]} f5 {[%clk 00:55:55]} {[%emt 00:00:25]} 39. Rxc3
{[%clk 01:15:00]} {[%emt 00:00:13]} Rf6 {[%clk 00:53:19]} {[%emt 00:03:08]} 40.
Bg5 {[%clk 01:14:41]} {[%emt 00:00:45]} Rg6 {[%clk 00:53:40]} {[%emt 00:00:12]}
41. h4 {[%clk 01:14:21]} {[%emt 00:00:46]} h6 {[%clk 00:54:01]} {[%emt
00:00:13]} 42. f4 {[%clk 01:12:35]} {[%emt 00:02:15]} hxg5 {[%clk 00:54:19]}
{[%emt 00:00:14]} 43. fxg5 {[%clk 01:12:37]} {[%emt 00:00:26]} Qxd4+ {[%emt
00:00:48]} 44. Re3 {[%clk 01:12:24]} {[%emt 00:00:14]} f4 {[%clk 00:54:47]}
{[%emt 00:00:13]} 45. Qg4 {[%clk 01:12:10]} {[%emt 00:00:39]} Qxe3+ {[%clk
00:55:08]} {[%emt 00:00:15]} 46. Kh2 {[%clk 01:12:21]} {[%emt 00:00:17]} Qe5
{[%clk 00:55:02]} {[%emt 00:00:39]} 47. h5 {[%clk 01:11:35]} {[%emt 00:01:13]}
Rxg5 {[%clk 00:55:24]} {[%emt 00:00:09]} 48. Qh4 {[%clk 01:11:49]} {[%emt
00:00:12]} Rxh5 {[%clk 00:55:49]} {[%emt 00:00:10]} 0-1

[Event "DVM U12 2024"]
[Site "Heidelberg GER"]
[Date "2024.12.27"]
[Round "2"]
[White "Classen, Meara"]
[Black "Moritz, Jakob"]
[Result "0-1"]
[Termination "normal"]
[Board "10.4"]
[WhiteElo "1431"]
[BlackElo "859"]
[WhiteClock "00:47:43"]
[BlackClock "00:20:49"]
[WhiteTeam "SG Trier 1877"]
[BlackTeam "SV 1947 Walldorf"]
[PlyCount "122"]
[WhiteFideId "34626956"]
[BlackFideId "34686096"]
[EventCountry "GER"]
[EventRounds "7"]
[EventType "team-swiss"]
[EventDate "2024.12.26"]

1. e4 {[%clk 01:30:59]} e5 {[%clk 01:30:42]} {[%emt 00:00:18]} 2. Nf3 {[%clk
01:31:23]} {[%emt 00:00:06]} Nf6 {[%clk 01:30:52]} {[%emt 00:00:21]} 3. Nxe5
{[%clk 01:31:35]} {[%emt 00:00:17]} Qe7 {[%clk 01:30:51]} {[%emt 00:00:32]} 4.
d4 {[%clk 01:30:31]} {[%emt 00:01:34]} Nxe4 {[%clk 01:28:16]} {[%emt 00:03:04]}
5. Bd3 {[%clk 01:28:29]} {[%emt 00:02:33]} Nf6 {[%clk 01:26:34]} {[%emt
00:02:11]} 6. O-O {[%clk 01:28:11]} {[%emt 00:00:48]} d6 {[%clk 01:25:26]}
{[%emt 00:01:38]} 7. Nf3 {[%clk 01:27:29]} {[%emt 00:01:11]} Qd8 {[%clk
01:22:28]} {[%emt 00:03:30]} 8. Re1+ {[%clk 01:26:44]} {[%emt 00:01:15]} Be7
{[%clk 01:21:24]} {[%emt 00:01:34]} 9. Bg5 {[%clk 01:23:19]} {[%emt 00:03:54]}
O-O {[%clk 01:20:18]} {[%emt 00:01:36]} 10. Nc3 {[%clk 01:19:41]} {[%emt
00:04:09]} Bg4 {[%clk 01:16:09]} {[%emt 00:04:38]} 11. Qe2 {[%clk 01:16:34]}
{[%emt 00:03:37]} Re8 {[%clk 01:11:56]} {[%emt 00:04:44]} 12. Bxf6 {[%clk
01:15:26]} {[%emt 00:01:38]} gxf6 {[%clk 01:10:40]} {[%emt 00:01:46]} 13. Nd5
{[%clk 01:13:14]} {[%emt 00:02:42]} Nc6 {[%clk 01:08:26]} {[%emt 00:02:44]} 14.
c3 {[%clk 01:08:36]} {[%emt 00:05:09]} Be6 {[%clk 01:01:14]} {[%emt 00:07:42]}
15. Nxe7+ {[%clk 01:07:11]} {[%emt 00:01:56]} Rxe7 {[%clk 01:00:23]} {[%emt
00:01:20]} 16. Qe4 {[%clk 01:06:38]} {[%emt 00:01:02]} f5 {[%clk 00:57:42]}
{[%emt 00:03:11]} 17. Qe2 {[%clk 01:06:15]} {[%emt 00:00:54]} Rb8 {[%clk
00:51:45]} {[%emt 00:06:28]} 18. Qc2 {[%clk 01:05:10]} {[%emt 00:01:35]} Bd5
{[%clk 00:42:00]} {[%emt 00:10:14]} 19. Rxe7 {[%clk 01:04:43]} {[%emt
00:00:57]} Qxe7 {[%clk 00:41:16]} {[%emt 00:01:14]} 20. Re1 {[%clk 01:04:17]}
{[%emt 00:00:56]} Qf6 {[%clk 00:39:31]} {[%emt 00:02:15]} 21. Nd2 {[%clk
01:03:14]} {[%emt 00:01:32]} Ne7 {[%clk 00:37:10]} {[%emt 00:02:53]} 22. c4
{[%clk 00:59:53]} {[%emt 00:03:52]} Be6 {[%clk 00:33:54]} {[%emt 00:03:45]} 23.
Re3 {[%clk 00:58:51]} {[%emt 00:01:32]} Qxd4 {[%clk 00:32:44]} {[%emt
00:01:40]} 24. Rg3+ {[%clk 00:58:32]} {[%emt 00:00:49]} Kh8 {[%clk 00:29:36]}
{[%emt 00:03:38]} 25. h3 {[%clk 00:57:55]} {[%emt 00:01:08]} d5 {[%clk
00:27:04]} {[%emt 00:03:02]} 26. cxd5 {[%clk 00:56:12]} {[%emt 00:02:13]} Nxd5
{[%clk 00:26:19]} {[%emt 00:01:15]} 27. Nf3 {[%clk 00:54:46]} {[%emt 00:01:55]}
Qf4 {[%clk 00:24:19]} {[%emt 00:02:31]} 28. b3 {[%clk 00:54:25]} {[%emt
00:00:51]} Rg8 {[%clk 00:23:25]} {[%emt 00:01:24]} 29. Qb2+ {[%clk 00:53:53]}
{[%emt 00:01:01]} f6 {[%clk 00:23:09]} {[%emt 00:00:47]} 30. Rxg8+ {[%clk
00:50:34]} {[%emt 00:03:49]} Kxg8 {[%clk 00:22:10]} {[%emt 00:01:29]} 31. Bc4
{[%clk 00:49:59]} {[%emt 00:01:06]} Kf7 {[%emt 00:01:51]} 32. Qd4 {[%clk
00:48:19]} {[%emt 00:02:08]} Qe4 {[%clk 00:19:38]} {[%emt 00:01:42]} 33. Qxa7
{[%clk 00:45:54]} {[%emt 00:02:56]} Nc3 {[%clk 00:17:13]} {[%emt 00:02:54]} 34.
Bxe6+ {[%clk 00:45:24]} {[%emt 00:01:00]} Kxe6 {[%clk 00:17:16]} {[%emt
00:00:28]} 35. Qe3 {[%clk 00:42:43]} {[%emt 00:03:11]} Qxe3 {[%clk 00:16:56]}
{[%emt 00:00:51]} 36. fxe3 {[%clk 00:42:59]} {[%emt 00:00:14]} Nxa2 {[%clk
00:17:19]} {[%emt 00:00:06]} 37. Nd4+ {[%clk 00:43:15]} {[%emt 00:00:14]} Kd5
{[%clk 00:16:29]} {[%emt 00:01:20]} 38. Nxf5 {[%clk 00:43:32]} {[%emt
00:00:12]} Kc5 {[%clk 00:16:39]} {[%emt 00:00:21]} 39. Kf2 {[%clk 00:42:52]}
{[%emt 00:01:10]} Kb4 {[%clk 00:16:53]} {[%emt 00:00:17]} 40. Ne7 {[%clk
00:42:59]} {[%emt 00:00:22]} Kxb3 {[%clk 00:17:08]} {[%emt 00:00:15]} 41. Nd5
{[%clk 00:43:13]} {[%emt 00:00:16]} c5 {[%clk 00:16:23]} {[%emt 00:01:17]} 42.
Nxf6 {[%clk 00:43:27]} {[%emt 00:00:15]} c4 {[%clk 00:16:50]} {[%emt 00:00:04]}
43. Ne4 {[%clk 00:42:40]} {[%emt 00:01:16]} c3 {[%clk 00:17:00]} {[%emt
00:00:21]} 44. Nxc3 {[%clk 00:42:59]} {[%emt 00:00:11]} Nxc3 {[%clk 00:17:23]}
{[%emt 00:00:07]} 45. g4 {[%clk 00:43:20]} {[%emt 00:00:09]} b5 {[%clk
00:17:19]} {[%emt 00:00:34]} 46. h4 {[%clk 00:43:30]} {[%emt 00:00:19]} Kc2
{[%clk 00:17:42]} {[%emt 00:00:07]} 47. g5 {[%clk 00:43:38]} {[%emt 00:00:22]}
Ne4 {[%clk 00:17:12]} {[%emt 00:01:00]} 48. Kf3 {[%clk 00:43:53]} {[%emt
00:00:14]} Nxg5+ {[%clk 00:17:33]} {[%emt 00:00:11]} 49. hxg5 {[%clk 00:44:13]}
{[%emt 00:00:10]} b4 {[%clk 00:17:56]} {[%emt 00:00:07]} 50. e4 {[%clk
00:44:38]} {[%emt 00:00:05]} b3 {[%clk 00:18:21]} {[%emt 00:00:05]} 51. e5
{[%clk 00:45:03]} {[%emt 00:00:05]} b2 {[%clk 00:18:44]} {[%emt 00:00:07]} 52.
e6 {[%clk 00:45:29]} {[%emt 00:00:04]} b1=Q {[%clk 00:19:01]} {[%emt 00:00:12]}
53. e7 {[%clk 00:45:39]} {[%emt 00:00:20]} Qb8 {[%clk 00:19:21]} {[%emt
00:00:11]} 54. Kf4 {[%clk 00:45:58]} {[%emt 00:00:11]} Qe8 {[%clk 00:19:42]}
{[%emt 00:00:09]} 55. Kg4 {[%clk 00:46:06]} {[%emt 00:00:21]} Qxe7 {[%clk
00:19:59]} {[%emt 00:00:13]} 56. Kh5 {[%clk 00:46:27]} {[%emt 00:00:09]} Qf7+
{[%clk 00:19:50]} {[%emt 00:00:40]} 57. Kg4 {[%clk 00:46:44]} {[%emt 00:00:13]}
Kd3 {[%emt 00:00:30]} 58. Kh4 {[%clk 00:47:07]} {[%emt 00:00:04]} Ke4 {[%clk
00:20:15]} {[%emt 00:00:09]} 59. Kg3 {[%clk 00:47:06]} {[%emt 00:00:29]} Qf3+
{[%clk 00:20:09]} {[%emt 00:00:37]} 60. Kh4 {[%clk 00:47:22]} {[%emt 00:00:12]}
Kf4 {[%clk 00:20:26]} {[%emt 00:00:16]} 61. g6 {[%clk 00:47:43]} {[%emt
00:00:09]} Qg4 {[%clk 00:20:49]} {[%emt 00:00:07]} 0-1